The question of gender : Joan W. Scott's critical feminism

Αποθηκεύτηκε σε:
Λεπτομέρειες βιβλιογραφικής εγγραφής
Άλλοι συγγραφείς: Weed, Elizabeth, 1940- (edtf), Butler, Judith, 1956- (edtf)
Μορφή: Βιβλίο
Γλώσσα:English
Δημοσίευση: Bloomington : Indiana University Press, c2011.
Σειρά:21st century studies ; 4
Θέματα:
Ετικέτες: Προσθήκη ετικέτας
Δεν υπάρχουν, Καταχωρήστε ετικέτα πρώτοι!

MARC

LEADER 00000cam a2200000 i 4500
001 1/109628
008 160119s2011####inu| ||| |||||||eng||
020 |a 9780253223241  
035 |l 10113755 
040 |a GR-MyUa  |b gre  |e AACR2 
041 0 |a eng 
082 7 |a 305.4201   |2 (23)  
245 0 4 |a The question of gender :   |b Joan W. Scott's critical feminism /   |c edited by Judith Butler and Elizabeth Weed.  
260 |a Bloomington :   |b Indiana University Press,   |c c2011.  
300 |a 330 σ. :   |b εικ. ;   |c 24 εκ.  
490 1 |a (21st century studies ;   |v 4)  
504 |a Περιλαμβάνει βιβλιογραφία και ευρετήριο.  
600 1 0 |a Scott, Joan Wallach. 
650 0 |a Sex role. 
650 0 |a Feminist theory. 
650 0 |a Women  |x History. 
650 0 0 |a Feminism. 
700 1 |a Weed, Elizabeth,   |d 1940-  |e edtf 
700 1 |a Butler, Judith,   |d 1956-  |e edtf 
830 0 |a 21st century studies ;  |v 4 
852 |a INST  |b LESVOS  |e 20130218  |h 305.4201 QUE  |p 005100051957  |q 005100051957  |t BK  |y 0 
852 |a INST  |b LESVOS  |e 20160119  |h 305.4201 QUE  |p 005100057777  |q 005100057777  |t BK  |y 0 
901 |a BIBL1-2013-1 
922 |a 1ΕΛΗ  |b 201210  |c ΤΜΗΜΑ ΚΟΙΝΩΝΙΚΗΣ ΑΝΘΡΩΠΟΛΟΓΙΑΣ ΚΑΙ ΙΣΤΟΡΙΑΣ  |d ΙΩΑΝΝΙΔΟΥ 
970 |a Τζαφέρη  |b Ευαγγελία  |z 19-01-2016